[Event "FIDE World Cup 2017"]
[Site "Tbilisi"]
[Date "2017.09.08"]
[Round "2.3"]
[White "Sethuraman, S P"]
[Black "Harikrishna, P."]
[Result "1/2-1/2"]
[WhiteElo "2617"]
[BlackElo "2741"]
[Annotator "TA"]
[PlyCount "115"]
[EventDate "2017.??.??"]
[EventType "k.o."]
[EventCountry "GEO"]
[SourceTitle "playchess.com"]
[Source "ChessBase"]
[SourceQuality "1"]

{[%evp 23,115,8,35,-17,-12,-10,58,43,29,34,46,31,32,22,20,0,83,13,109,103,108,119,102,108,192,192,192,192,197,193,192,184,192,194,195,171,197,190,179,132,148,154,170,156,243,273,216,84,113,94,194,204,205,194,189,177,208,100,77,62,149,125,116,0,0,0,0,-54,0,0,0,0,0,0,0,0,0,0,0,0,0,0,0,0,0,0,0,0,0,0,0,0,0,0]} 1. e4 e6 2. d4 d5 3. Nc3 Bb4 4. e5 c5 5. a3 Bxc3+ 6. bxc3 Qa5 7. Bd2 Qa4 8. Qb1 c4 9. Nh3 Nc6 {C18: French: 3 Nc3 Bb4: Main line: 7 h4 and 7 Qg4} 10. Nf4 Bd7 (10... Nge7 11. Nh5 Rg8 12. g3 Bd7 13. Bh3 O-O-O 14. O-O Kb8 15. Re1 Rc8 16. Re3 Rc7 {1-0 (71) Wang,H (2717)-Ivanchuk,V (2710) Huaian 2016}) 11. Be2 {[%cal Bf1e2,Be2h5,Bh5f7,Bf7e6][%mdl 32]} O-O-O 12. O-O f6 {LiveBook: 5 Games} 13. Re1 {[#]} (13. Bg4 $14) 13... fxe5 $146 ({Predecessor:} 13... Rf8 14. Bg4 f5 15. Bd1 g5 16. Nh5 h6 17. f4 g4 18. h3 {½-½ (18) Baklan,V (2613)-Werle,J (2578) Groningen 2010}) 14. dxe5 Nxe5 (14... Nh6 $11) 15. Bh5 Nc6 $1 {White must now prevent ...e5.} 16. Bf7 Nf6 17. Nxe6 Bxe6 18. Bxe6+ Kb8 19. f3 Qa5 (19... b6 $11) 20. Qb2 $40 {[%mdl 128] White mounts an attack.} (20. a4 $1 $16) 20... Qc7 (20... Rhe8 $1 $11) 21. Rab1 $16 b6 22. Be3 {[%cal Bd2e3,Be3f2,Bf2g3,Bg3f4][%mdl 32]} Rhe8 23. Bf2 Nh5 (23... Qb7 $16) 24. Qb5 $18 Nf4 25. Bg3 {aiming for Bxf4.} g5 26. Bxf4 $1 gxf4 27. Bxd5 Rxe1+ 28. Rxe1 Na5 29. Be4 h6 30. Qf5 Nb7 31. h4 Qc5+ 32. Kh2 Qxf5 33. Bxf5 $16 {[%mdl 4096] Endgame KRB-KRN} Nc5 (33... Nd6 $16) 34. Re7 $18 Na4 35. Re4 (35. Rh7 $18) 35... b5 $16 36. Rxf4 Rf8 {[#]} (36... Nxc3 $16 {keeps fighting.} 37. Rg4 Rf8) 37. g4 $1 $18 Nxc3 38. Rd4 a5 39. Rd6 Kb7 40. Kg3 (40. Rxh6 $18 {has better winning chances.} a4 41. Be6) 40... a4 $16 {Hoping for ...b4!} 41. Be6 ({Much worse is} 41. Rxh6 b4 $11) (41. Be4+ $5 Nxe4+ 42. fxe4 $16) 41... Kc7 (41... Re8 $1 $14) 42. Rd7+ Kc6 {[#] Strongly threatening ...Rf6.} 43. Ra7 (43. Rh7 $1 $16) 43... Ne2+ $11 44. Kf2 Nd4 $1 {[%csl LRc2,LRe6,LRf3]} 45. Bf5 (45. Bf7 $11) 45... Nxf5 (45... Kb6 $1 $15 46. Rd7 Nxf5 47. gxf5 b4 48. axb4 Rxf5) 46. gxf5 {The position is equal.} Rxf5 $15 {KR-KR} 47. Ra6+ Kd5 {...Kd4 is the strong threat.} 48. c3 ({But not} 48. Rxh6 Kd4 $17) 48... h5 49. Rg6 Re5 50. f4 Re4 51. Rg5+ Kd6 52. Rxh5 {Threatens to win with Rf5.} (52. Kf3 $5 {[%cal Rf3e4]} Re1 53. Rxh5 $11) 52... Rxf4+ 53. Ke3 Rg4 54. Rxb5 Rxh4 55. Ra5 Rh3+ 56. Kd4 Rh4+ 57. Ke3 Rh3+ 58. Ke4 {Precision: White = 61%, Black = 50%.} 1/2-1/2

[Event "FIDE World Cup 2017"]
[Site "Tbilisi"]
[Date "2017.09.08"]
[Round "2.4"]
[White "Caruana, Fabiano"]
[Black "Lenic, Luka"]
[Result "1/2-1/2"]
[WhiteElo "2799"]
[BlackElo "2646"]
[Annotator "TA"]
[PlyCount "132"]
[EventDate "2017.??.??"]
[EventType "k.o."]
[EventCountry "GEO"]
[SourceTitle "playchess.com"]
[Source "ChessBase"]
[SourceQuality "1"]

{[%evp 13,132,22,37,29,32,29,34,25,25,23,23,25,27,28,34,-7,33,24,19,13,26,27,42,29,70,29,27,14,24,0,30,-10,18,19,27,0,22,11,11,11,42,8,86,87,75,0,0,0,0,3,62,0,3,-56,-56,-60,-54,-47,0,-66,-60,-60,50,15,17,13,172,180,554,560,288,283,265,0,0,0,0,0,0,0,0,0,0,0,0,0,0,0,0,0,0,0,0,0,0,-206,-185,-185,0,0,0,-44,0,0,0,0,0,0,0,0,0,0,0,0,0,0,8,8,8,8,8]} 1. e4 c5 2. Nf3 Nc6 3. Bb5 e6 4. O-O Nge7 5. d4 cxd4 6. Nxd4 Qb6 7. Nxc6 {B30: Sicilian: 2...Nc6 3 Bb5, lines without ...g6} dxc6 {LiveBook: 4 Games} 8. Bc4 Ng6 9. a4 {White is slightly better.} Be7 $146 ({Find the theoretical novelty and annotate with similar games:} 9... a5 10. Kh1 Be7 11. f4 O-O 12. Nc3 Qb4 13. Qe2 e5 14. f5 Nf4 15. Bxf4 exf4 {1-0 (52) Frolyanov,D (2537)-Filipenko,A (2286) Samara 2017}) 10. Bb3 O-O 11. Be3 Qc7 12. f4 b6 13. Qe2 Bf6 14. c3 Bb7 {[#]} 15. a5 $1 {[%mdl 512]} c5 (15... bxa5 16. Nd2) 16. Nd2 Rad8 17. g3 Rfe8 18. h4 h6 19. Bc4 Bc6 20. Bb5 Ne7 21. Rfd1 Nc8 22. Bd3 Rd7 23. axb6 axb6 24. Bc2 Red8 25. e5 Be7 26. Ne4 Bf8 27. Bf2 Bb7 (27... Rxd1+ $11 {remains equal.} 28. Rxd1 Rxd1+ 29. Qxd1 Qa7) 28. Rxd7 $16 Rxd7 29. Rd1 (29. g4 $16) 29... Rxd1+ $11 30. Qxd1 c4 31. g4 Qc6 (31... Bd5 $11) 32. h5 (32. g5 $1 $14 Qd5 33. Qxd5 exd5 34. Ng3) 32... Ne7 33. Kh2 (33. Qd2 $11) 33... Nd5 $15 34. Qf3 Qb5 $1 {[%cal Rb5b2]} 35. Nd6 $1 {[%cal Rd6b5]} Qxb2 (35... Bxd6 $5 36. exd6 Qd7 $15) 36. Be4 (36. Qe4 $11 Nf6 37. Qe2 (37. Qxb7 $2 Bxd6 38. exd6 Qxc2 $19) 37... Qxc3 38. Nxb7 Nxg4+ 39. Kg2) 36... Bxd6 $1 37. exd6 Qb5 (37... Qa3 $15 38. g5 Qxd6) 38. f5 Qd7 39. Bg3 b5 $2 (39... Qd8 $11) 40. fxe6 $18 Qxe6 $2 {[#]} (40... fxe6 {is more resistant.} 41. Be5 Bc6) 41. Bf5 $1 {[%cal Rf5e6]} Qe8 42. d7 {[%cal Rd7e8]} Qd8 {intending ...Bc6.} 43. Qe4 $2 ({Better is} 43. Kh3 $18 Kh8 44. Bh4) 43... Bc6 $11 44. Bd6 Bxd7 45. Qxd5 Bxf5 46. gxf5 Qh4+ 47. Kg2 Qxh5 48. Qa8+ (48. Qf3 $5 {[%cal Rf3h5]} Qg5+ 49. Kh3 $11) 48... Kh7 49. Qe4 f6 50. Bc5 Qd1 51. Qf3 Qd2+ 52. Kh3 Qc2 53. Kg4 Qh2 {[%csl Gh2][%cal Rh6h5]} 54. Qf2 $2 (54. Qe3 $11 {and White is okay.}) 54... h5+ $19 55. Kf3 Qe5 $2 (55... Qh3+ $19 56. Kf4 Qxc3) 56. Kg2 $11 Qxc3 {Strongly threatening ...Qd3.} 57. Qe2 Qe5 (57... Kh6 $5 {[%cal Rc3e5]} 58. Be3+ g5 $17) 58. Qxh5+ {The position is equal.} Kg8 {[#]} 59. Bd4 $1 {[%mdl 512]} Qe4+ (59... Qxd4 $5 60. Qe8+ $8 Kh7 61. Qh5+ Kg8 62. Qe8+ Kh7 63. Qh5+ Kg8 $11) 60. Kg3 Qe1+ (60... Qxd4 $5 61. Qe8+ $8 Kh7 62. Qh5+ Kg8 63. Qe8+ Kh7 64. Qh5+ Kg8 $11) 61. Kg2 Qe4+ (61... Kf8 $5 {[%cal Re1e4]} 62. Bf2 Qe5 $11) 62. Kg3 c3 (62... b4 $5 {[%cal Rc4c3]}) 63. Bxc3 b4 64. Bb2 Qd3+ 65. Qf3 Qxf3+ 66. Kxf3 {Black must now prevent Kg4.} Kf7 {Precision: White = 51%, Black = 50%.} 1/2-1/2

[Event "FIDE World Cup 2017"]
[Site "Tbilisi"]
[Date "2017.09.08"]
[Round "2.4"]
[White "Grischuk, Alexander"]
[Black "Cori, Jorge"]
[Result "1-0"]
[WhiteElo "2788"]
[BlackElo "2648"]
[Annotator "TA"]
[PlyCount "63"]
[EventDate "2017.??.??"]
[EventType "k.o."]
[EventCountry "GEO"]
[SourceTitle "playchess.com"]
[Source "ChessBase"]
[SourceQuality "1"]

{[%evp 18,63,69,67,75,60,72,71,69,66,95,72,90,102,103,87,112,83,127,129,135,118,247,241,230,223,239,185,177,227,356,360,412,411,566,522,555,554,568,566,561,561,554,535,1153,1139,1025,870]} 1. e4 c5 2. Nf3 Nc6 3. d4 cxd4 4. Nxd4 e6 5. Nc3 Qc7 6. Be3 a6 7. a3 Nf6 8. f4 {[%cal Bf2f4,Bf4f5][%mdl 32]} d6 9. Qf3 Nxd4 {B82: Sicilian Scheveningen: 6 f4} 10. Bxd4 {LiveBook: 3 Games} b5 (10... Bd7 11. O-O-O Bc6 12. Bxf6 gxf6 13. f5 h5 14. Bc4 Bd7 15. fxe6 fxe6 16. Qxf6 {1-0 (25) Anton Guijarro,D (2660)-Bosiocic,M (2603) Minsk 2017}) 11. Bd3 $146 ({Predecessor:} 11. O-O-O Bb7 12. Bd3 Rc8 13. Rhe1 Qa5 14. Qe3 Nd7 15. Nd5 Qd8 16. Qg3 h5 17. c3 {1-0 (25) Tal,M-Gufeld,E Tbilisi 1969}) 11... Bb7 {White is slightly better.} 12. Bxf6 gxf6 13. f5 Be7 14. O-O Qc5+ 15. Kh1 h5 16. fxe6 fxe6 17. a4 b4 18. Ne2 {[%cal Bc3e2,Be2f4,Bf4d3][%mdl 32]} Kf7 19. Nf4 a5 (19... Qe5 $16) 20. Qh3 $18 Qe5 21. Bc4 {[%cal Rc4e6]} Bc8 22. Rae1 Bd7 23. Nd3 Qd4 (23... Qg5 $142 24. Rf4 (24. e5 Qg4 $16) 24... Rac8) 24. Bb3 Rag8 25. Rf4 {[#] Hoping for e5.} Qa7 26. e5 {exf6 is the strong threat.White is clearly winning.} d5 27. Bxd5 exd5 28. e6+ Ke8 29. exd7+ Qxd7 30. Qf3 Rg5 31. Rxf6 Qg4 32. Rf7 {Precision: White = 89%, Black = 47%.} 1-0

[Event "FIDE World Cup 2017"]
[Site "Tbilisi"]
[Date "2017.09.08"]
[Round "2.4"]
[White "Giri, Anish"]
[Black "Motylev, Alexander"]
[Result "1/2-1/2"]
[WhiteElo "2777"]
[BlackElo "2668"]
[Annotator "TA"]
[PlyCount "80"]
[EventDate "2017.??.??"]
[EventType "k.o."]
[EventCountry "GEO"]
[SourceTitle "playchess.com"]
[Source "ChessBase"]
[SourceQuality "1"]

{[%evp 11,80,24,35,12,25,28,29,6,12,10,13,11,57,25,15,10,5,-22,-22,-35,-35,-27,-22,-25,-32,-68,-68,-48,-56,-78,-64,-83,-85,-72,-67,-81,-95,-92,-73,-70,-22,-22,0,-66,-61,-68,-63,-92,-105,-193,-110,-117,-114,-176,-200,-276,-279,-250,-43,-44,-39,-37,-43,-58,-51,-43,-14,-83,-73,-133,-50]} 1. e4 e5 2. Nf3 Nf6 3. Nxe5 d6 4. Nf3 Nxe4 5. Nc3 Nf6 6. d4 Be7 7. Bg5 {C42: Petroff Defence: 3 Nxe5 and unusual White 3rd moves} (7. Bd3 O-O 8. O-O Re8 9. h3 Nbd7 10. Ne2 d5 11. Ng3 Bf8 12. Re1 Rxe1+ 13. Qxe1 c5 14. c3 cxd4 15. cxd4 Nb6 {0-1 (52) Wei,Y (2709)-Bu,X (2715) Shenzhen 2016}) 7... h6 8. Be3 c6 9. Qd2 {White has an edge.} Be6 10. Bd3 Nbd7 11. O-O $146 ({Predecessor:} 11. Ne2 Nb6 12. b3 Nbd5 13. O-O Nxe3 14. fxe3 d5 {1-0 (48) Antoshik,A (2240)-Blaha,P Czechia 1998}) 11... Nb6 12. Rfe1 Nc4 13. Bxc4 Bxc4 14. h3 (14. d5 $5) 14... O-O 15. b3 Be6 16. Bf4 Bf5 17. Re2 d5 18. Ne5 Bb4 19. Qe3 $1 Re8 {Strongly threatening ...Nh5.} 20. a3 Bf8 21. Bh2 Bh7 22. Qd2 Qa5 {White must now prevent ...Bb4!} 23. Qe1 c5 ({Of course not} 23... Bxa3 $6 24. Ra2 $11) 24. dxc5 Qxc5 25. b4 Qc8 26. Rd1 a5 27. Na4 ({White should try} 27. Nb5 $11) 27... Ra6 {[#] ...axb4 is the strong threat.} 28. bxa5 Rae6 $1 29. Nb6 Qc5 30. Qb4 (30. Kh1 $17) 30... Qxc2 (30... Qxb4 $19 31. axb4 Bxb4) 31. Rxc2 $17 Bxb4 32. axb4 (32. Rc8 $17 {was called for.} Rxc8 33. Nxc8 Bxa3 34. Nf3) 32... Bxc2 $19 33. Rd2 Bb3 ({And not} 33... Rxe5 34. Bxe5 Rxe5 35. Rxc2 $14) 34. f4 Rxb6 $2 (34... Ne4 $19 35. Rb2 Bd1 36. Nxd5 Rd6) 35. axb6 $15 Re6 36. Rb2 Bc4 37. Kf2 Rxb6 38. Ke3 Ra6 39. Kd4 (39. Nxc4 $11 dxc4 40. Kd4) 39... Bf1 $17 40. f5 {[#]} (40. Ng4 $142) 40... Ra4 {Precision: White = 27%, Black = 69%.} (40... Ra1 $1 $17 41. Rc2 Rd1+ 42. Ke3 d4+ 43. Kf3 Bb5 44. Rc8+ Kh7) 1/2-1/2

[Event "FIDE World Cup 2017"]
[Site "Tbilisi"]
[Date "2017.09.08"]
[Round "2.4"]
[White "Ding, Liren"]
[Black "Kravtsiv, Martyn"]
[Result "1/2-1/2"]
[WhiteElo "2771"]
[BlackElo "2670"]
[Annotator "TA"]
[PlyCount "49"]
[EventDate "2017.??.??"]
[EventType "k.o."]
[EventCountry "GEO"]
[SourceTitle "playchess.com"]
[Source "ChessBase"]
[SourceQuality "1"]

{[%evp 25,49,41,43,36,43,33,53,40,61,63,161,85,77,92,220,191,205,202,258,252,239,273,374,375,346,201]} 1. d4 e6 2. c4 f5 3. g3 Nf6 4. Bg2 Be7 5. Nf3 O-O 6. O-O d6 7. Nc3 Ne4 8. Qc2 Nxc3 9. bxc3 Nc6 {A96: Classical Dutch: Fluid Systems: Early deviations} 10. d5 (10. Rd1 Qe8 11. c5 dxc5 12. Bf4 Bd6 13. Ne5 Bxe5 14. dxe5 b6 15. e4 Bb7 16. exf5 exf5 17. e6 {½-½ (30) L'Ami,E (2650)-Reinderman,D (2604) Amsterdam 2014}) 10... Na5 11. dxe6 Bxe6 12. Nd4 Bxc4 13. Nxf5 Bf6 {LiveBook: 5 Games} 14. Ne3 Bf7 15. Be4 h6 16. Rb1 Kh8 $146 ({Predecessor:} 16... c6 17. Rd1 {1-0 (28) Lewis,A (2283)-Farrand,T (2188) England 2016}) 17. c4 Qd7 ({Black should try} 17... Rb8 $14) 18. Nd5 ({White should play} 18. Bd2 $18 Nc6 19. Nd5 (19. Rxb7 Nd4 $16)) 18... Be5 $16 19. Bd2 $36 {[%mdl 2048] White is really pushing.} Nc6 (19... Nxc4 $16 {was necessary.} 20. Qxc4 c6) 20. Rxb7 $18 Nd4 21. Qd3 {[#] aiming for f4.} ({Worse is} 21. Rxc7 Qd8 $11) 21... Bh5 22. f3 Ne6 {intending ...Nc5.} 23. Be3 Nc5 24. Bxc5 dxc5 25. Nf4 {Precision: White = 70%, Black = 33%.} (25. f4 $142 Bd6 {[#]} 26. Nxc7 $1 {[%mdl 512]}) 1/2-1/2

[Event "FIDE World Cup 2017"]
[Site "Tbilisi"]
[Date "2017.09.08"]
[Round "2.4"]
[White "Yu, Yangyi"]
[Black "Jobava, Baadur"]
[Result "1/2-1/2"]
[WhiteElo "2750"]
[BlackElo "2702"]
[Annotator "TA"]
[PlyCount "63"]
[EventDate "2017.??.??"]
[EventType "k.o."]
[EventCountry "GEO"]
[SourceTitle "playchess.com"]
[Source "ChessBase"]
[SourceQuality "1"]

{[%evp 19,63,26,27,28,39,32,56,54,49,55,60,63,89,74,93,84,89,64,87,94,86,79,106,84,115,60,48,44,52,47,42,15,12,0,31,0,29,24,78,7,32,7,17,0,0,-29]} 1. e4 e5 2. Nf3 Nf6 3. Nxe5 d6 4. Nf3 Nxe4 5. Nc3 Nf6 6. d4 Be7 7. Bd3 O-O 8. h3 {C42: Petroff Defence: 3 Nxe5 and unusual White 3rd moves} Re8 9. O-O Nbd7 10. Ne2 Bf8 {LiveBook: 5 Games} (10... d5 11. Ng3 Bf8 12. Re1 Rxe1+ 13. Qxe1 c5 14. c3 cxd4 15. cxd4 Nb6 {0-1 (52) Wei,Y (2709)-Bu,X (2715) Shenzhen 2016}) 11. c4 g6 12. Nc3 $146 ({Predecessor:} 12. Bg5 c6 13. Qd2 b6 14. Ng3 Be7 {1-0 (35) Khairullin,I (2514)-Rothuis,V (2217) Heraklio 2004}) 12... Bg7 13. Bg5 h6 14. Be3 Kh7 15. Re1 c6 16. Qc2 Nf8 17. Rad1 a6 18. b4 d5 19. c5 Be6 20. Bf4 Kg8 21. Bd6 N6d7 22. a4 (22. Ne2 $16) 22... Nh7 $14 {[%cal Bf8h7,Bh7g5,Bg5e4][%mdl 32]} 23. Re3 Ng5 24. Ne2 Ne4 25. Bh2 f5 26. Ne5 (26. Be5 $5) 26... Nxe5 27. Bxe5 g5 28. f4 (28. g4 $5) 28... Bf7 (28... Re7 $11) 29. Rf1 (29. Bxe4 $16 dxe4 30. Rf1) 29... Bxe5 $11 30. fxe5 Bg6 31. Ref3 Rf8 32. Ng3 {Precision: White = 41%, Black = 58%.} 1/2-1/2

[Event "FIDE World Cup 2017"]
[Site "Tbilisi"]
[Date "2017.09.08"]
[Round "2.4"]
[White "Wei, Yi"]
[Black "Rapport, Richard"]
[Result "1/2-1/2"]
[WhiteElo "2748"]
[BlackElo "2675"]
[Annotator "TA"]
[PlyCount "132"]
[EventDate "2017.??.??"]
[EventType "k.o."]
[EventCountry "GEO"]
[SourceTitle "playchess.com"]
[Source "ChessBase"]
[SourceQuality "1"]

{[%evp 19,132,8,18,8,57,15,12,8,8,8,15,7,7,7,12,0,41,34,70,14,58,58,59,46,78,29,58,0,0,0,0,0,0,0,0,0,0,0,0,0,0,0,0,0,22,18,8,0,34,21,21,21,37,38,37,34,46,23,28,23,14,8,8,8,8,13,8,0,0,0,0,0,28,29,27,27,27,0,0,0,8,8,8,8,8,0,0,0,0,0,0,0,0,0,0,0,0,0,0,0,0,0,0,0,0,0,0,0,0,-10,0,0,47,46,45]} 1. e4 c6 2. d4 d5 3. e5 Bf5 4. Nd2 e6 5. Nb3 Nd7 6. Nf3 c5 {B12: Caro-Kann: Advance Variation} (6... a6 7. Be2 c5 8. dxc5 Bxc5 9. Nxc5 Nxc5 10. Be3 Rc8 11. O-O Ne7 12. c4 O-O 13. Rc1 Qa5 14. Bg5 {½-½ (29) Kravtsiv,M (2657)-Najer,E (2706) Kocaeli 2017}) 7. dxc5 Bxc5 8. Nxc5 Nxc5 9. Bb5+ Nd7 10. Nd4 Ne7 {LiveBook: 4 Games} 11. Bg5 O-O 12. Qe2 $146 ({Predecessor:} 12. Nxf5 exf5 13. Bxe7 Qxe7 14. Bxd7 Qxd7 {1-0 (41) Antal,T (2222)-Magyar,O (2248) Hungary 2011}) 12... Bg6 13. h4 h6 $1 {[%cal Rh6g5]} 14. h5 Bh7 15. Bxe7 Qxe7 16. Bxd7 Qxd7 17. Rh3 Qa4 18. c3 Qc4 19. Qd2 (19. g4 $14) 19... Be4 20. f3 Bh7 21. Kf2 Qd3 22. Qe1 Rae8 23. Rd1 (23. Qe3 $14) 23... Qa6 $11 24. a3 Qb6 25. Rd2 f6 $1 26. Rg3 {[#]} Be4 $1 {[%mdl 512]} 27. exf6 (27. fxe4 fxe5+) 27... Rxf6 28. Qe3 e5 29. Ne2 Bf5 30. Rxd5 Qxb2 31. Qxa7 Qb6+ 32. Qxb6 Rxb6 33. Rc5 Re7 (33... Rb2 $5 {[%cal Rf5d3]} 34. Ke3 (34. Rc7 g5 $17) 34... Re7 $14) 34. f4 exf4 35. Nxf4 Rf7 36. Re3 Kh7 37. Kg3 Ra6 38. Re8 Ra4 $1 {[%cal Ra4f4]} 39. Rd8 g5 ({Don't blunder} 39... Rxa3 $2 {[#]} 40. Rcc8 $1 $18 {[%mdl 512]}) 40. hxg6+ Bxg6 41. Ne6 Bf5 42. Nd4 Rg7+ 43. Kf4 Bg4 44. Re5 Rxa3 45. Ree8 {Rh8+ is the strong threat.} h5 46. Rh8+ Kg6 47. Rd6+ Kf7 48. Nb5 Ra4+ 49. Ke3 Ra6 50. Rb8 Rxd6 51. Nxd6+ {[%mdl 4096] Endgame KRB-KRN} Ke6 $132 {[%mdl 2048] Black is not keeping still} 52. Nxb7 Rc7 53. Kd4 Rd7+ 54. Ke3 Rc7 55. Kd4 Rd7+ 56. Kc4 {And now Nc5+ would win.} (56. Ke4 $5 {[%cal Rb7c5]} Rc7 57. Kd3 $11) 56... Rd2 57. Nc5+ Kf7 58. g3 Be2+ 59. Kb3 Bd1+ 60. Kc4 Be2+ 61. Kb3 Bd1+ 62. Ka3 Rg2 63. Rb7+ Kg6 64. Rb8 Kf7 65. Rd8 (65. Rb1 $5 {[%cal Rb1d1]} Bg4 66. Ne4 $11) 65... Rxg3 66. Rxd1 {Strongly threatening Kb4.} Rxc3+ {Precision: White = 63%, Black = 62%.} 1/2-1/2

[Event "FIDE World Cup 2017"]
[Site "Tbilisi"]
[Date "2017.09.08"]
[Round "2.4"]
[White "Radjabov, Teimour"]
[Black "Artemiev, Vladislav"]
[Result "1-0"]
[WhiteElo "2742"]
[BlackElo "2692"]
[Annotator "TA"]
[PlyCount "119"]
[EventDate "2017.??.??"]
[EventType "k.o."]
[EventCountry "GEO"]
[SourceTitle "playchess.com"]
[Source "ChessBase"]
[SourceQuality "1"]

{[%evp 16,119,55,23,43,61,81,26,30,21,29,10,24,25,50,13,32,25,29,24,19,23,6,22,34,27,39,22,58,67,52,9,13,7,4,4,13,11,5,8,7,0,111,112,111,118,107,119,114,104,145,133,150,129,144,139,135,120,145,118,148,148,148,148,148,148,148,148,319,319,313,319,319,313,291,258,294,253,280,237,886,287,264,132,172,172,12735,10729,5073,4820,9662,9662,6372,6341,29979,29980,29980,29981,29981,29982,29983,29984,29987,29988,29989,29990]} 1. e4 c5 2. Nf3 e6 3. d4 cxd4 4. Nxd4 a6 5. Bd3 Nf6 6. O-O Qc7 7. Nc3 b5 8. Re1 Bb7 9. Bg5 {LiveBook: 9 Games. B43: Sicilian: Kan Variation: 5 Nc3} (9. e5 $5 {[%cal Re5f6]} Nd5 10. Nxd5 Bxd5 11. a4 $16) (9. e5 Nd5 10. Nxd5 Bxd5 11. Bf4 Nc6 12. c3 Bc5 13. Qg4 g6 14. Nc2 Ne7 15. Bg5 h5 16. Qf4 Nf5 {½-½ (57) Efimenko,Z (2648)-Ghaem Maghami,E (2582) Dubai 2014}) 9... Nc6 10. Nxc6 Qxc6 11. Qf3 ({White should try} 11. a4 $16) 11... Be7 $11 12. a3 Qc5 $146 ({Find the theoretical novelty and annotate with similar games:} 12... Qc7 13. Qg3 Qxg3 14. hxg3 h6 15. Bf4 Bc5 16. Be3 Bxe3 17. Rxe3 {0-1 (37) Gutierrez Castillo,P (2157)-Horvath,C (2537) Bratto 2008}) 13. Be3 Qe5 14. Bf4 Qh5 15. Qe3 Bc5 16. Qd2 O-O 17. Bg3 e5 18. Kh1 d6 19. f3 h6 20. b4 Bd4 {Strongly threatening ...Qg5.} 21. Bf2 Bxc3 22. Qxc3 Rac8 23. Qd2 d5 24. exd5 Bxd5 25. a4 Rfd8 26. axb5 axb5 27. Bb6 Rd6 28. Bc5 $36 {[%cal Bb6c5,Bc5e7,Be7f6][%mdl 2080] White is pushing.} Rdd8 {[#]} (28... Re6 $1 $11 {remains equal.}) 29. Be7 $1 $16 {[%cal Re7d8]} Rd7 30. Bxf6 $1 gxf6 31. Bxb5 Bc6 32. Bd3 Bb5 33. Ra3 Rcd8 34. h3 Bxd3 35. Rxd3 Rxd3 36. cxd3 {[%mdl 4096] Endgame KQR-KQR} Qg5 37. Qc3 Qf5 38. Re4 Qd7 39. Qd2 h5 40. b5 {[%cal Bb4b5,Bb5b6,Bb6b7][%mdl 32]} Kg7 41. b6 Qxd3 $2 (41... Qc6 $16 {was called for.}) 42. Qxd3 $18 Rxd3 $16 {KR-KR} 43. Rb4 Rd8 44. Kg1 f5 45. Kf2 Kf6 46. b7 Rb8 47. Rb6+ Kg5 $2 (47... Ke7 48. f4 f6) 48. g3 $2 (48. Ke3 f6 {[#]} 49. f4+ $1 {[%mdl 512]} exf4+ 50. Kf2) 48... f4 $18 49. g4 (49. Rb5 $18) 49... hxg4 50. hxg4 f5 $2 (50... f6 51. Ke2 Kh4) 51. gxf5 Kxf5 52. Ke2 Kg5 53. Kd3 Kf5 54. Rb5 Rd8+ 55. Kc4 {White mates.} Rb8 56. Kd5 Kf6 57. Kd6 e4 58. fxe4 f3 59. Rf5+ Kg6 60. Kc7 {Precision: White = 62%, Black = 44%.} 1-0

[Event "FIDE World Cup 2017"]
[Site "Tbilisi"]
[Date "2017.09.08"]
[Round "2.4"]
[White "Harikrishna, P."]
[Black "Sethuraman, S P"]
[Result "0-1"]
[WhiteElo "2741"]
[BlackElo "2617"]
[Annotator "TA"]
[PlyCount "124"]
[EventDate "2017.??.??"]
[EventType "k.o."]
[EventCountry "GEO"]
[SourceTitle "playchess.com"]
[Source "ChessBase"]
[SourceQuality "1"]

{[%evp 17,124,10,14,11,13,0,1,0,0,-14,0,0,0,-59,-21,-23,9,0,0,0,-18,-13,-10,-17,-24,-22,-16,-10,-12,-17,-10,-30,-36,-125,-133,-118,-143,-136,-135,-134,-103,-134,-134,-122,-113,-226,-212,-312,-264,-260,-264,-349,-312,-315,-301,-481,-477,-476,-482,-517,-527,-533,-526,-650,-379,-392,-433,-519,-531,-513,-518,-516,-513,-568,-558,-562,-545,-574,-551,-545,-527,-682,-670,-820,-793,-797,-774,-875,-865,-908,-895,-1279,-1283,-1532,-1460,-1393,-1368,-1558,-1319,-1986,-2059,-2213,-3363,-3314,-3143,-3036,-2810,-5230,-29981]} 1. e4 e5 2. Nf3 Nc6 3. Bc4 Bc5 4. c3 Nf6 5. d3 O-O 6. a4 {C54: Giuoco Piano: 4 c3 Nf6, main lines with 5 d4 and 5 d3} d5 (6... a6 7. O-O Ba7 8. Re1 d6 9. h3 b5 10. Ba2 b4 11. d4 bxc3 12. bxc3 Re8 13. Be3 h6 {½-½ (23) Karjakin,S (2773)-Aronian,L (2809) Saint Louis 2017}) 7. exd5 Nxd5 8. a5 a6 9. O-O Bf5 {LiveBook: 4 Games} 10. Bg5 $146 (10. Re1 {seems wilder.} Nf6 11. Qc2 Qd7 12. Bg5 Rfd8 13. Nbd2) ({Predecessor:} 10. Nbd2 b5 11. axb6 Nxb6 12. Nb3 Be7 13. Bxa6 Rxa6 14. Rxa6 Bxd3 15. Ra1 Bxf1 16. Qxd8 Rxd8 17. Kxf1 {1-0 (46) Alekseev,E (2636)-Predke,A (2587) Sochi 2016}) 10... Be7 11. Bxe7 Ndxe7 12. Nh4 Be6 13. Nd2 Nd5 14. g3 {[#]} Nf4 $1 {[%mdl 512]} 15. Ndf3 (15. Ne4 $11) (15. gxf4 Qxh4) 15... Bxc4 16. dxc4 Ne6 (16... Nd3 {with more complications.} 17. Ne1 e4 18. Nxd3 exd3 19. Nf3 Re8) 17. Re1 Qxd1 18. Raxd1 f6 19. b4 Rad8 20. Nd2 Kf7 21. Nb3 Ne7 22. Kf1 g5 23. Ng2 Nf5 24. Rd5 Nd6 25. c5 (25. Nd2 $15) 25... Nb5 $1 $36 {[%mdl 2048] Black is in control.} 26. c4 {Hoping for Rxd8.} Nc3 27. Rxd8 Rxd8 28. Ne3 Rd3 29. Nc1 Rd2 30. Ne2 Na2 31. Nd5 {[#]} (31. Rb1 $17) 31... Rb2 $1 $19 ({Much less strong is} 31... c6 32. Ndc3 $17) 32. f4 (32. b5 {was called for.} c6 33. Ne3) 32... gxf4 33. gxf4 Nxb4 34. fxe5 Nd3 ({Don't do} 34... Nxc5 35. Nef4 $19) ({Resist} 34... fxe5 35. Nxb4 Rxb4 36. c6 $19) 35. Rd1 Nxe5 36. Rc1 (36. c6 $142) 36... c6 37. Ne3 Nxc5 38. Rd1 Rb3 39. Nc2 Nxc4 40. Rd8 Ne3+ 41. Nxe3 Rxe3 {[%mdl 4096] Endgame KRN-KRN} 42. Ng3 {Black is clearly winning.} Ra3 43. Rh8 Kg7 44. Re8 Rxa5 45. h4 Ra3 46. Kg2 Rd3 47. Re7+ Kg6 48. h5+ Kh6 49. Kh3 Kg5 50. Rg7+ {[#]} Kf4 $1 51. Kh4 Rd7 52. h6 a5 53. Ne2+ Ke5 54. Nc3 b5 {[%cal Bb7b5,Bb5b4,Bb4b3,Bb3b2][%mdl 32]} 55. Rg1 b4 56. Re1+ Kd6 57. Ne2 b3 58. Nd4 a4 59. Rc1 b2 60. Rb1 Rb7 61. Nc2 Rb3 62. Kg4 Ne4 {Precision: White = 41%, Black = 72%.} 0-1